Catálogo público

Mejoramiento genético de bovinos lecheros : aspectos relevante / editor José Espinoza Velázquez (Record no. 216889)

MARC details
000 -CABECERA
campo de control de longitud fija 01083nam a2200253Ia 4500
001 - NÚMERO DE CONTROL
campo de control Z_2909
008 - DATOS DE LONGITUD FIJA--INFORMACIÓN GENERAL
campo de control de longitud fija 220601s9999 xx 000 0 und d
082 ## - NÚMERO DE LA CLASIFICACIÓN DECIMAL DEWEY
Número de clasificación 636.2142 S46
111 ## - ENTRADA PRINCIPAL--NOMBRE DE CONGRESO/REUNIÓN
Nombre de congreso/reunión o jurisdicción como elemento de entrada Seminario Internacional del Centro de Ganadería del Colegio de Postgraduados. (septiembre 1990 : Montecillo, México.)
9 (RLIN) 179934
245 ## - MENCIÓN DE TÍTULO
Título Mejoramiento genético de bovinos lecheros : aspectos relevante / editor José Espinoza Velázquez
260 ## - PUBLICACIÓN, DISTRIBUCIÓN, ETC.
Lugar de publicación, distribución, etc. México : Colegio de Postgraduados, Centro de Ganadería
300 ## - DESCRIPCIÓN FÍSICA
Extensión 146 p.
500 ## - NOTA GENERAL
Nota general XI Aniversario del Centro de Ganadería, del Colegio de Postgraduados
503 ## - NOTA DE HISTORIA BIBLIOGRÁFICA (BK CF MU) [OBSOLETO]
Nota de historia bibliográfica ej.1 - ej.6
650 ## - PUNTO DE ACCESO ADICIONAL DE MATERIA--TÉRMINO DE MATERIA
Término de materia o nombre geográfico como elemento de entrada 1. Ganado lechero - Genética
650 ## - PUNTO DE ACCESO ADICIONAL DE MATERIA--TÉRMINO DE MATERIA
Término de materia o nombre geográfico como elemento de entrada Ganado lechero - Mejoramiento
700 ## - PUNTO DE ACCESO ADICIONAL--NOMBRE DE PERSONA
Nombre de persona I. Espinoza Velázquez, José, ed.
9 (RLIN) 179936
711 ## - PUNTO DE ACCESO ADICIONAL--NOMBRE DE REUNIÓN/CONGRESO
Nombre de congreso/reunión o jurisdicción como elemento de entrada I. Seminario Internacional del Colegio de Postgraduados. Centro de Ganadería (septiembre 1990 : Montecillo, México.) Ì
9 (RLIN) 179937
901 ## - ELEMENTOS DE DATOS A LOCAL LDA (RLIN)
a 636.2142 S46
902 ## - ELEMENTOS DE DATOS B LOCAL, LDB (RLIN)
a M
905 ## - ELEMENTOS DE DATOS E LOCAL, LDE (RLIN)
a 1232271990 mx amn 8211313311spa16
942 ## - ELEMENTOS DE PUNTO DE ACCESO ADICIONAL (KOHA)
Tipo de ítem Koha Libro_
Holdings
Estado de retiro Estado de pérdida Fuente del sistema de clasificación o colocación Estado dañado No para préstamo Código de colección Localización permanente Ubicación/localización actual Ubicación en estantería Fecha de adquisición Total de préstamos Código de barras Fecha visto por última vez Número de copia Precio válido a partir de Tipo de ítem Koha
    Dewey Decimal Classification     General Zootecnia Zootecnia   09/11/2005   z_3101 02/06/2022 1 02/06/2022 Libro
    Dewey Decimal Classification     General Zootecnia Zootecnia   07/11/2011   z_1929 02/06/2022 3 02/06/2022 Libro
    Dewey Decimal Classification     General Zootecnia Zootecnia   07/11/2011   z_1930 02/06/2022 4 02/06/2022 Libro
    Dewey Decimal Classification     General Zootecnia Zootecnia   07/11/2011   z_1931 02/06/2022 5 02/06/2022 Libro
    Dewey Decimal Classification     General Zootecnia Zootecnia   01/02/2012   z_2649 02/06/2022 6 02/06/2022 Libro
    Dewey Decimal Classification     General Zootecnia Zootecnia   09/11/2005   z_3099 02/06/2022 2 02/06/2022 Libro